MDQL
is popping MORE tags! Check the
thread
!
Quizzes
Events
Quiz Creation
Community
Videos
Private Events
Remove Ads
Sign In
Join for FREE
Feedback
Dark Mode
Quiz Categories
Sports
Geography
Music
Movies
Television
Just For Fun
Miscellaneous
History
Literature
Language
Science
Gaming
Entertainment
Religion
Holiday
For Kids
Quiz Lab
Recent
Popular Today
Quiz Kudos Today
Editor Picks
Curator Picks
Quizzes by...
Day
Popularity
Type
Ratings
Length
Year
Community
Subscriptions
Recent Discussions
Orange Saloon
Badges
Playlists
Quests
Create
Leaderboards
Showdown
Live 5
Trivia Bingo
Activity
Puzzle Library
Sporcle Events
Private Events
Virtual Trivia
Globe League
Become a Host
Pub Owners
SporcleCon
Opinionation
Our Games
Videos
Blog
Mobile Apps
Partnerships
Remove Ads and Go Orange
Feedback
Gaming
Video Games
Board Games
Card Games
Pokémon
Mario
Nintendo
Minecraft
Console
Toys
Legend of Zelda
Gaming
Video Games
Board Games
Card Games
Pokémon
Mario
Nintendo
Minecraft
Console
Toys
Legend of Zelda
Random Quiz
Search Sporcle
×
Quiz Lab
Quiz Lab
Gaming
metal
Type in answers that appear in a list
Type in answers that appear in a list
Classic
Best Score? Go Orange.
Metal Gear Solid Trivia Stats
Can you name the Metal Gear Solid Trivia?
By
Otacon
8m
40 Questions
4,407 Plays
4,407 Plays
4,407 Plays
Comments
Comments
Give Quiz Kudos
Give Quiz Kudos
-
- Ratings
hide this ad
Forced Order
Answers have to be entered in order
Answers have to be entered in order
Replay
Link that replays current quiz
Next Quiz
Link to next quiz in quiz playlist
You Got
0%
They Got
Avg Score
41%
Avg Friend Score
Upgrade to see
Score Distribution
Jump to the score distribution portion of the page
Score
0/40
Timer
08:00
0
Plays Today
Hint
Answer
% Correct
Snake's voice actor
David Hayter
95.1%
Name any rogue member of Foxhound
Liquid Snake, Revolver Ocelot, Decoy Octopus, Psycho Mantis, Sniper Wolf, Vulcan Raven
79.9%
Name any member of Dead Cell
Colonel Jackson, Vamp, Fortune, Fatman, Solidus Snake
72.1%
Name any member of the Cobras
The Boss, The Pain, The Fear, The End, The Fury, The Sorrow
69%
Comic relief guard found in every game
Johnny
68.8%
Did he really lose his leg?
No
67.1%
Whose body is used in terrorist negotiations?
Big Boss
67%
Otacon's stepsister, initials E.E.
Emma Emmerich
65.4%
Revolver Ocelot's nickname
Shalashaska
58.7%
The food that Sunny cooks
Eggs
54.3%
Name any member of the Beauty and the Beast Unit
Laughing Octopus, Raging Raven, Crying Wolf, Screaming Mantis
50.5%
The name of the enhanced re-
release
Substance
48.3%
Naked Snake's ironically named disastrous operation
Virtuous Mission
46.8%
Snake! You've created a...
Time Paradox
46.7%
The Russian weapons expert
Nastasha Romanenko
43.6%
What S3 Plan stands for (either one works)
Selection for Societal Sanity or Solid Snake Simulation
43.4%
Name the two chapters, in order
Tanker and Plant
42.1%
What Big Boss and Solid Snake share in the epilogue
A Cigar
41.8%
The name of the enhanced re-
release
Subsistence
41.3%
Name any of the six acts
Liquid Sun, Solid Sun, Third Sun, Twin Suns, Old Sun, Naked Sin
41.1%
Hint
Answer
% Correct
The End's sniper rifle of choice
Mosin-Nagant
39.8%
Snake's special eyepatch
Solid Eye
37.3%
Snake's former profession
Musher
36.9%
Explosive substance used by Revolver Ocelot to destroy the tanker
SEMTEX
36.5%
What Peter Stillman accidentally blew up
A Church
35.7%
Important number located on the back of the CD case
140.15
35.1%
Who really started the Patriots?
Major Zero
34.2%
The miniature nuke given to Volgin by The Boss
Davy Crockett
32.6%
Colonel Volgin's chant
Kuwabara kuwabara
31.8%
Snake's robot helper
Metal Gear Mk II
30.6%
Snake's default camouflage
Olive Drab
30.2%
Japan-
only game Meryl Silverburgh was originally from
Policenauts
29.7%
Person who arrests the colonel and threatens to bomb Shadow Moses
Jim Houseman
29.1%
The virus inplanted into GW
FOXALIVE
27.9%
What Snake and Raiden wear after beating the game three times
Sunglasses
22%
Legendary snake-
like creature
Tsuchinoko
17.1%
The female hostage
Jennifer
13.3%
The game's theme or motto
No Place to Hide
4.4%
Area with the waterfall
Tikhogornyj
2.1%
Name any of the models for the Beauty and Beast Unit
Lyndall Jarvis, Yumi Kikuchi, Mieko Rye, Scarlett Chorvat
1.7%
Quiz Playlist
Details
Report
Send in Message
Add To Playlist
Classic:
Type in answers that appear in a list
Forced Order:
Answers have to be entered in order
Last Updated: Mar 20, 2018
Quiz Scoreboard
CHALLENGE
Sign Up to Join the Scoreboard
Show All
Scores
Hide
Comments
May contain spoilers
Recently Published
1-10 Letter E Words III
by El_Dandy
Language
2m
Street Fighter Characters
by Artimus82
Gaming
60s
College Basketball Coaching Resumes
by pancakes188
Sports
9m
More to Explore
Quiz From the Vault
Featured Blog Post
Where Did the Easter Bunny Come From?
hide this ad
You Might Also Like...
Tags
gear
metal
Metal Gear
solid
Today's Top Quizzes in Gaming
Browse Gaming
hide this ad
Today's Top Quizzes in metal
Browse metal
Top Contributed Quizzes in Gaming
1
5-to-1: Consoles
2
7-to-1: Board Game Piece Blitz
3
5-to-1: Legend of Zelda
4
League of Legends Pro Players by Career/Team History
5
Destiny 2 exotic weapons by perk icons
6
Ultimate Genshin Impact Logic Puzzle (up to 4.3)
7
Quick Pick: Video Games Lost in Translation
8
Franchise by Action Figure
9
Who's on the WWE 2K24 Cover?
10
Genshin Impact Logic Puzzle Quiz
Explore More
Trending Topics
Harry Potter
Disney
Anime
NBA
Marvel
Kpop
Crossword
The Office
Song
NFL
WWE
Pokémon
Soccer
Country
Puzzle
hide this ad
More By:
Otacon
Quiz
Plays
Rating
Category
Featured
Created
Hayao Miyazaki Movies
28,575
4.46
Movies
Sep 23, 2009
Metal Gear Solid Trivia
4,407
2.90
Gaming
Oct 30, 2009
Metal Gear Solid 3 Characters
2,404
5.00
Gaming
Oct 5, 2009
Japanese Numbers
1,657
4.82
Language
Oct 1, 2009
Talking Heads Albums
966
5.00
Music
Sep 23, 2009
Go to Creator's Profile
Score Distribution
Quiz Creator Spotlight
Otacon
Follow
Send a Message
Quizzes Created
-
Created Quiz Play Count
-
More By This Creator
Popular Quizzes Today
1
Find the US States - No Outlines Minefield
2
Find the Countries of Europe - No Outlines Minefield
3
The Countries of the World
4
Find the US States
5
Risky Map Clicking: Biggest States A-Z
6
US States
7
Popular People in 1961
8
Movies - When Are They Set?
More Gaming Quizzes
Pokémon Trainer Classes (Gen I)
Curator's Pick
Trending Quizzes
Risky Map Clicking: Least Populous States A-Z
USA Borders Longest to Shortest
1-10 Letter G Words
1-10 Letter F Words
Countries of the World: 200 Million BC
Recently Updated
Leaping Animals
pecheneg
Reality TV Shows (A-Z)
bhenderson79
Rickey Henderson's Hall of Fame Teammates
pecheneg
Champions League XIs: Arsenal
pecheneg
Quick Pick: Celebrities in WWE's Hall of Fame
aduchscher
A-Z Keypad Blitz II
pecheneg
Multiple Oscar Actors
pecheneg
Mystery Phrase Blitz: Oscar 'Best Actors'
pecheneg
F. Scott Fitzgerald Novels
LTH
Pick 3 Villains
ddd62291
Trending Topics
NBA
Harry Potter
Anime
Kpop
Crossword
Disney
Marvel
Country
Song
NFL
WWE
Soccer
Puzzle
The Office
Pokémon
Your Account Isn't Verified!
In order to create a playlist on Sporcle, you need to verify the email address you used during registration. Go to your
Sporcle Settings
to finish the process.
Report this User
Report this user for behavior that violates our
Community Guidelines
.
Details:
Send Report
Go to the Sporcle.com Mobile Site →
Comments